Secularism : (Record no. 89834)

MARC details
000 -LEADER
fixed length control field 00639nam a22001937a 4500
005 - DATE AND TIME OF LATEST TRANSACTION
control field 20141119145520.0
010 ## - LCCN (DPL NO)
LC control number ENG-111136
020 ## - INTERNATIONAL STANDARD BOOK NUMBER
Terms of availability 795.00
International Standard Book Number 9789382420422
035 ## - SYSTEM CONTROL NUMBER
System control number EN-94668
037 ## - SOURCE OF ACQUISITION
Source of stock number/acquisition DBAD/PUB
082 ## - DEWEY DECIMAL CLASSIFICATION NUMBER
Classification number 320.540954
100 ## - MAIN ENTRY--PERSONAL NAME
Personal name Bhuyan, Pranaba Ranjan
245 ## - TITLE STATEMENT
Title Secularism :
Remainder of title the nucleus of Indian culture /
Statement of responsibility, etc by Pranaba Ranjan Bhuyan
260 ## - PUBLICATION, DISTRIBUTION, ETC. (IMPRINT)
Place of publication, distribution, etc New Delhi
Name of publisher, distributor, etc Kunal Books
Date of publication, distribution, etc 2014
270 ## - ADDRESS
City New Delhi
Postal code 110002
Address 4648/21, First Floor, Ansari Road, Daryaganj
300 ## - PHYSICAL DESCRIPTION
Extent xvii,222p.
Dimensions 23cm(Hb)
500 ## - GENERAL NOTE
General note Includes bibliographical references and index
942 ## - ADDED ENTRY ELEMENTS (KOHA)
Source of classification or shelving scheme Dewey Decimal Classification
Item type English Books
Call number suffix BHU
Classification part 320.540954
Holdings
Withdrawn status Lost status Not for loan Collection code Home library Current library Date acquired Source of acquisition Cost, normal purchase price Full call number Barcode Copy number Cost, replacement price Koha item type
    Not For Loan Non-fiction D.B.Act.Division D.B.Act.Division 10/11/2014 DBAD/PUB 795.00 320.540954 BHU EN-94668 1 795.00 English Books

© Delhi Public Library
Hit Counter
free hit counter